[Event "Elitserien Allsvenskan 2018-19"]
[Site "Sweden"]
[Date "2019.03.29"]
[Round "7.8"]
[White "Sorensen, Hampus"]
[Black "Jogstad, Martin"]
[Result "1-0"]
[WhiteElo "2319"]
[BlackElo "2263"]
[Annotator "TA"]
[PlyCount "139"]
[EventDate "2018.11.09"]
[EventType "team-tourn"]
[EventCountry "SWE"]
[SourceTitle "playchess.com"]
[Source "ChessBase"]
[SourceQuality "1"]

{[%evp 21,139,4,10,12,21,8,24,8,20,8,17,0,-3,-15,-14,-8,0,-22,0,-37,-15,-15,-17,-22,-18,-26,-15,-30,-23,-27,-41,-47,-46,-51,-50,-79,-62,-62,-62,-62,-62,-62,-62,-69,-62,-58,-50,-93,-85,-98,-98,-98,-98,-102,-93,-98,-93,-98,-90,-94,-90,-98,0,-92,-92,-90,-83,-118,0,0,8,8,8,18,69,32,23,8,8,6,75,66,76,76,116,125,116,76,83,83,218,250,1136,1022,29959,29957,29951,5808,29961,29963,29958,29971,29964,29965,29961,29970,29977,29977,29978,29979,29978,29980,29977,29981,29982,29983,29983,29984,29987,29988]} 1. d4 d5 2. c4 c6 3. Nf3 Nf6 4. Nc3 dxc4 5. a4 Bf5 6. Nh4 Bc8 7. e3 e6 {D17: Slav Defence: 5 a4 Bf5: Lines with 6 Nh4 and 6 Ne5} 8. Bxc4 c5 9. O-O Nc6 10. Nf3 Be7 11. Qe2 cxd4 {LiveBook: 140 Games} 12. Rd1 {[%cal Rf3d4]} O-O 13. exd4 Nb4 (13... Nd5 14. Bd3 Bf6 15. h4 Re8 16. Bb1 g6 17. Bg5 Bxg5 18. hxg5 Nxc3 19. bxc3 {1-0 (73) Swiercz,D (2636)-Motylev,A (2661) Saint Louis 2018}) 14. a5 Bd7 15. Ne5 Bc6 16. Nxc6 bxc6 17. a6 $146 ({Predecessor:} 17. Bf4 Nbd5 18. Be5 Bd6 19. Ne4 Nxe4 20. Qxe4 {½-½ (27) Zaja,I (2487)-Kovacevic,B (2434) Sentjur 2013}) 17... Qc7 18. Na4 Nd7 19. Be3 (19. Qg4 {is more complex.} Kh8 20. Ra3 Nf6 21. Qh4 Nfd5 22. Qg4) 19... Nb6 20. Bb3 Nxa4 21. Bxa4 Rab8 22. Rdc1 Rfc8 23. b3 Qd6 24. g3 Qd5 25. Rc4 Rb6 26. Rac1 Nxa6 27. Bd2 Bb4 28. Qe1 {[%cal Rd2b4]} Bxd2 29. Qxd2 Qd6 30. Qa5 g6 31. h4 h5 32. R1c3 Rc7 {[%cal Bc8c7,Bc7d7,Bd7d5][%mdl 32]} 33. Qg5 Nb4 34. Rf3 Qe7 35. Qe5 Rd7 36. Qe4 Rd5 37. Rfc3 {[%cal Ra4c6]} Qd6 38. Qe3 Kg7 39. Kh2 a5 40. Kg1 Kg8 41. Qe4 Kg7 (41... Qd7 $17) 42. Kg2 (42. Qe3 $1 $11) 42... e5 43. dxe5 Rxe5 44. Qf4 Nd5 (44... c5 $17 {...Nd5 is the strong threat.} 45. Re4 Rxe4 46. Qxe4 Qd4) 45. Qd4 $11 {[%cal Rc4c6]} c5 46. Rxc5 {[#] Threatens to win with Rc6.} Rb4 47. R5c4 {And now Rxb4 would win.} f6 (47... Qf6 $11 48. Rf3 Qe6) 48. Rd3 {Hoping for Bc6.} Qb6 49. Rxb4 Qxb4 50. Qxb4 axb4 {[%mdl 4096] Endgame KRB-KRN} (50... Nxb4 $11 51. Rd7+ Kh6) 51. Rd4 Nc3 52. Rxb4 Nxa4 53. bxa4 $16 {KR-KR} Re2 54. Kf3 Ra2 55. Ke3 Ra3+ {[#]} (55... g5 $16) 56. Kd4 $1 $18 {[%cal Rd4c5]} Rf3 $2 (56... Kf8 57. Kc5 Ke7) 57. a5 Rxf2 58. Ra4 Rd2+ 59. Kc3 Rd8 60. a6 {White mates.} g5 61. a7 Ra8 62. Kd4 f5 63. hxg5 Kg6 64. Kc5 Kxg5 65. Kb6 Rg8 66. a8=Q Rxa8 67. Rxa8 Kg4 68. Rg8+ Kf3 69. Rg5 h4 70. gxh4 {Precision: White = 58%, Black = 49%.} 1-0

[Event "Elitserien Allsvenskan 2018-19"]
[Site "Sweden"]
[Date "2019.03.29"]
[Round "7.8"]
[White "Namini, Armin"]
[Black "Isaksson, Henrik"]
[Result "1-0"]
[WhiteElo "2210"]
[BlackElo "2086"]
[Annotator "TA"]
[PlyCount "171"]
[EventDate "2018.11.09"]
[EventType "team-tourn"]
[EventCountry "SWE"]
[SourceTitle "playchess.com"]
[Source "ChessBase"]
[SourceQuality "1"]

{[%evp 23,171,13,66,33,67,39,51,10,10,10,10,10,10,10,5,5,20,10,9,10,10,10,11,10,10,10,12,5,5,6,12,11,11,11,11,11,18,11,11,11,11,11,11,11,18,11,18,11,18,11,11,11,18,18,17,18,35,35,35,35,31,31,31,0,31,31,31,31,31,31,31,31,31,31,53,53,53,53,53,53,53,53,53,53,53,53,53,53,53,53,53,53,53,53,53,5,44,44,44,0,44,44,44,44,44,44,44,35,35,35,35,35,35,35,35,35,35,35,35,8,35,0,0,0,1054,392,29966,29966,29961,47,29974,29974,29979,29980,29980,29980,29983,29984,29983,29984,29984,29985,29985,29986,29986,29987,29987,29988,29988,29989]} 1. c4 e6 2. g3 d5 3. Bg2 Nf6 4. Nf3 Be7 5. O-O O-O 6. b3 c5 7. Bb2 Nc6 8. e3 b6 9. Nc3 Bb7 10. cxd5 Nxd5 11. Nxd5 Qxd5 12. d4 Qd8 (12... Qf5 $11) 13. Rc1 {A14: English Opening: 1...e6 with b3 by White} (13. dxc5 Bxc5 14. Ne5 Nxe5 15. Bxb7 Rb8 16. Be4 Nd7 17. b4 Be7 18. Qa4 Nf6 19. Rfd1 Qe8 20. Qxe8 Rfxe8 21. Bc6 Red8 22. b5 Ng4 23. Rac1 Bf6 24. Ba3 Rxd1+ 25. Rxd1 Ne5 26. f4 Nc4 27. Bc1 Rd8 {½-½ (27) Reinderman,D (2573)-Gharamian,T (2626) Belgium 2017}) 13... Rc8 14. Ne5 Ba8 $146 ({Predecessor:} 14... Na5 15. dxc5 Bxg2 16. Kxg2 Rxc5 17. Rxc5 Bxc5 18. Nd7 Qa8+ 19. Kg1 Rd8 20. Qg4 g6 21. Nf6+ Kg7 22. Nxh7+ {1-0 (22) Gretarsson,H (2507)-Michalczak,T (2364) Pardubice 2012}) 15. dxc5 {[#] aiming for Nd7.White is slightly better.} (15. Nxc6 {keeps more tension.} Bxc6 16. dxc5 Bxg2 17. Qg4 g6 18. Kxg2 Rxc5 19. Rfd1) 15... Nxe5 16. Bxe5 {Qg4 is the strong threat.} Bxg2 17. Kxg2 {next c6 is good for White.} Rxc5 18. Rxc5 Bxc5 19. Qf3 Qa8 (19... Qg5 {seems wilder.} 20. Qe4 Rd8 21. Rc1 Rd5 22. Bc3 Qd8) 20. Rd1 Qxf3+ 21. Kxf3 $11 {[%mdl 4096] Endgame KRB-KRB} f6 22. Bb2 Rf7 23. Rd8+ Rf8 24. Rd2 Rf7 25. Ke2 Rc7 26. Rc2 Rd7 27. a3 Kf7 28. b4 Bd6 29. Rc6 Ke7 30. e4 e5 31. Bc1 Rc7 32. Rxc7+ Bxc7 {KB-KB} 33. b5 Bd6 34. Kd3 Ke6 35. Kc4 g6 36. a4 Bc5 37. f3 Bg1 38. h3 $1 Bf2 39. g4 g5 40. Ba3 Be3 41. Bb4 Bf2 42. Bd2 Kd6 43. Bb4+ Ke6 44. Bc3 Kd6 45. Bd2 Ke6 46. Bb4 Be3 47. Be1 Bg1 48. h4 gxh4 49. Bxh4 Be3 50. Bg3 Bd4 51. Bh2 Be3 52. Kd3 Bc5 53. Bg3 Bd4 54. Be1 Bc5 55. Bd2 Bd6 56. Be3 Bb4 57. Kc4 Bd6 58. a5 Bc7 $1 59. axb6 axb6 (59... Bxb6 {feels hotter.} 60. Bd2 Kd6 61. Bb4+ Ke6 62. Be1 Kd6) 60. Kb4 Bd6+ 61. Kc4 Bc7 62. Bg1 Bd8 63. Bf2 Bc7 64. Be3 Bd8 $1 65. f4 exf4 66. Bxf4 Be7 67. Be3 Bd8 68. Bd4 Bc7 69. Kd3 Kf7 70. Ke2 Kg6 71. Kf3 Bd8 72. e5 fxe5 73. Bxe5 Bf6 $2 {[%mdl 8192]} (73... Kf7 $11) 74. Bc7 $18 Bd4 $2 (74... Kf7 $18 75. Bxb6 Ke6) 75. Ke4 Bc5 {[#]} 76. Bd8 $2 (76. Bf4 $1 {mates} Bf2 77. Kd5 Kf6 78. Kc6 Be1 79. Kxb6 Bf2+ 80. Ka6 Kg6 81. b6 Bxb6 82. Kxb6) 76... h5 $2 {[%mdl 8192]} (76... Kf7 $14) 77. gxh5+ {White mates.} Kxh5 78. Kd5 Kg6 79. Kc6 Kf7 80. Bxb6 Bb4 81. Bc7 Bd2 82. b6 {[%cal Bb5b6,Bb6b7][%mdl 32]} Be3 83. b7 Ba7 84. Bb6 Bb8 85. Kd7 Kf6 86. Kc8 {Accuracy: White = 67%, Black = 54%.} 1-0

[Event "Elitserien Allsvenskan 2018-19"]
[Site "Sweden"]
[Date "2019.03.29"]
[Round "7.8"]
[White "Norberg, Erik"]
[Black "Malesevic, Nedeljko"]
[Result "1-0"]
[WhiteElo "2209"]
[BlackElo "2252"]
[Annotator "TA"]
[PlyCount "123"]
[EventDate "2018.11.09"]
[EventType "team-tourn"]
[EventCountry "SWE"]
[SourceTitle "playchess.com"]
[Source "ChessBase"]
[SourceQuality "1"]

{[%evp 21,123,-11,0,-34,-35,-38,-47,-162,-29,-39,-25,-33,-34,-26,-33,-26,-27,-36,-30,-40,-39,-29,-40,-32,-36,-33,-42,-39,-25,-30,0,-13,-16,-8,0,-41,-41,-35,30,26,41,39,32,47,40,45,39,5,28,0,12,0,17,17,16,18,41,35,955,947,1442,1442,1437,1420,1420,1420,1512,1368,1420,1097,1141,1013,5632,814,29952,1039,1014,656,29967,1787,29982,29983,29983,29984,29984,29983,29983,29984,29984,29985,29985,29986,29986,29987,29987,29988,29988,29988,29988,29989,29989,29990,29990,29991]} 1. c4 Nf6 2. Nc3 c5 3. g3 d5 4. cxd5 Nxd5 5. Bg2 Nc7 6. Nf3 Nc6 7. d3 e5 8. Be3 Be7 9. Rc1 Bd7 10. O-O Rc8 11. Nd2 O-O 12. f4 {A34: Symmetrical English: 2 Nc3, lines with ...d5} (12. Nc4 f6 13. Bxc6 Bxc6 14. Na5 Ne6 15. Nxc6 Rxc6 16. Qa4 Ra6 17. Qb3 Qd7 18. Ne4 Rb6 19. Qc4 Rc8 {0-1 (43) Gajewski,G (2648)-Steingrimsson,H (2530) Reykjavik 2015}) 12... exf4 13. gxf4 b6 14. f5 $146 (14. Bf2 $15) ({Predecessor:} 14. Bf2 Bh4 15. e4 Bxf2+ 16. Rxf2 Nd4 17. Qh5 f6 18. Kh1 Qe7 19. Nc4 Bc6 {1-0 (49) Hajiyev,E (2049)-Voskanyan,V (2326) Montreal 2006}) 14... Bg5 (14... Nd4 $19 15. Nc4 Nxf5) 15. Bxg5 $11 Qxg5 16. Nce4 Qe3+ 17. Kh1 Nd4 {[%mdl 64] Double Attack} 18. Nc4 Qxe2 19. Qxe2 Nxe2 20. Rce1 Nd4 21. Ned6 Rcd8 22. Re7 Ncb5 23. Nxb5 Bxb5 24. Rxa7 Nc6 25. Rc7 Rxd3 26. Nxb6 Rd2 27. Rc1 Nd4 28. R7xc5 (28. a4 $5 {[%cal Ra4b5]} Bd3 29. Nd7 $11) 28... Rxb2 29. a4 Be2 ({Black should play} 29... Ba6 $15 30. a5 Nb3) 30. Nd7 Bf3 $1 {[%cal Rf3g2]} 31. Bxf3 Nxf3 {[%csl Gf3][%cal Rb2h2]} 32. R5c2 Rxc2 33. Rxc2 $14 {[%mdl 4096] Endgame KRN-KRN} Rd8 34. Rc7 h5 35. f6 (35. a5 $5 {[%cal Ra5a6]}) 35... Nd4 36. fxg7 Ne6 37. Rb7 Kxg7 38. a5 {Black must now prevent a6.} Rc8 39. a6 {And now a7 would win.} Nc5 $2 {[%mdl 8192] [#]} (39... Rc1+ $14 40. Kg2 Rc2+ 41. Kf1 Rxh2) 40. Rb8 $1 $18 ({Not} 40. Nxc5 Rxc5 41. Kg2 Ra5 $14) 40... Rxb8 41. Nxb8 {KN-KN} Ne6 42. a7 Nc7 43. Kg2 Kg6 44. Kf3 Kf5 45. Nc6 Na8 46. Ke3 Kg4 47. Ne5+ (47. Ke4 $142 Kh3 48. Kd5) 47... Kh3 48. Nf3 (48. Kd4 $142 Kxh2 49. Kd5 h4 50. Kc6 Kg2 51. Kb7 {[%mdl 64] Trapped Piece} h3 52. Kxa8 h2 53. Kb8) 48... Kg4 49. Ke4 f6 50. Nd4 (50. Kd5 $142 Kxf3 51. Kc6 f5 52. Kb7 {[%mdl 64] Trapped Piece} f4 53. Kxa8 Ke2 54. Kb7 f3 55. a8=Q) 50... Kh3 51. Kd5 {White mates.} Kxh2 52. Kc6 h4 53. Nf3+ Kg3 {[#]} 54. Nxh4 $1 {[%mdl 512]} Kxh4 {KN-KP} 55. Kb7 {[%mdl 64] Trapped Piece} f5 56. Kxa8 {KP-KP} f4 57. Kb8 f3 58. a8=Q Kg3 59. Qe4 f2 {[#]} 60. Qh1 $1 Kf4 61. Kc7 Ke3 62. Qf1 {Accuracy: White = 56%, Black = 29%.} 1-0

[Event "Elitserien Allsvenskan 2018-19"]
[Site "Sweden"]
[Date "2019.03.30"]
[Round "8.1"]
[White "Hammer, Jon Ludvig"]
[Black "Shirov, Alexei"]
[Result "1/2-1/2"]
[WhiteElo "2650"]
[BlackElo "2667"]
[Annotator "TA"]
[PlyCount "41"]
[EventDate "2018.11.09"]
[EventType "team-tourn"]
[EventCountry "SWE"]
[SourceTitle "playchess.com"]
[Source "ChessBase"]
[SourceQuality "1"]

{[%evp 11,41,6,18,21,9,12,31,21,26,18,22,17,25,6,10,0,10,0,0,-8,-6,-6,-6,-12,-12,-12,-12,-12,0,-3,0,-5]} 1. d4 d5 2. c4 c6 3. Nf3 Nf6 4. e3 Bg4 5. Nc3 e6 6. Qb3 Qb6 7. Nh4 {D11: Slav Defence: 3 Nf3 sidelines and 3...Nf6 4 e3 Bg4} Bh5 8. h3 Nbd7 9. g4 {White is slightly better.} Bg6 10. Nxg6 hxg6 11. Bg2 g5 12. Bd2 Be7 {The position is equal.} 13. O-O-O a5 {[%cal Ba7a5,Ba5a4][%mdl 32]} (13... Qxb3 14. axb3 Nf8 {½-½ (33) Dreev,A (2670)-Robson,R (2667) chess.com INT 2019}) 14. Kb1 a4 15. Qxb6 Nxb6 16. cxd5 Nfxd5 $146 ({Predecessor:} 16... Nbxd5) 17. Ne4 Nc4 18. a3 Nxd2+ 19. Nxd2 f6 20. Rc1 Kf7 21. Rc2 {Accuracy: White = 58%, Black = 71%.} 1/2-1/2

[Event "Elitserien Allsvenskan 2018-19"]
[Site "Sweden"]
[Date "2019.03.30"]
[Round "8.1"]
[White "Urkedal, Frode Olav Olsen"]
[Black "Heberla, Bartlomiej"]
[Result "1-0"]
[WhiteElo "2514"]
[BlackElo "2553"]
[Annotator "TA"]
[PlyCount "85"]
[EventDate "2018.11.09"]
[EventType "team-tourn"]
[EventCountry "SWE"]
[SourceTitle "playchess.com"]
[Source "ChessBase"]
[SourceQuality "1"]

{[%evp 17,85,41,46,24,59,65,108,103,122,59,101,93,96,40,39,46,38,39,41,39,42,35,47,0,0,0,0,0,0,0,0,0,0,-6,29,32,22,9,54,0,0,0,43,17,94,51,55,40,57,16,178,186,321,352,606,606,2338,2237,1852,1714,939,605,860,752,5185,2359,1681,722,707,707]} 1. d4 Nf6 2. c4 d6 3. Nf3 Nbd7 4. Nc3 e5 5. e4 g6 6. Be2 Bg7 7. Be3 O-O 8. d5 Ng4 9. Bg5 f6 10. Bc1 {E93: King's Indian: Classical: Petrosian System with 7...Nbd7} (10. Bh4 a5 11. Nd2 Nh6 12. f3 Nf7 13. Qc2 Nc5 14. O-O Bh6 15. Kh1 Bd7 16. b3 Kg7 17. Rab1 Na6 18. a3 c5 19. dxc6 bxc6 {½-½ (31) Giri,A (2780)-Rapport,R (2725) Douglas 2018}) 10... Nh6 11. h4 a5 12. h5 {Strongly threatening hxg6.White is better.} g5 13. Be3 (13. Nd2 $16) 13... Nc5 14. Qc1 $146 ({Predecessor:} 14. Qc2 Bd7 15. Nd2 Qe7 16. f3 g4 17. O-O-O {½-½ (51) Gonzalez Zamora,J (2473)-Zapata,A (2472) Merida 2003}) 14... Ng4 15. h6 (15. Bxc5 $1 $16 {And now Ba3 would win.} dxc5 16. Nd2) 15... Bxh6 $14 16. Bxc5 dxc5 17. Nh2 Nxh2 18. Rxh2 Bg7 19. Qe3 f5 20. exf5 Bxf5 21. Ne4 Bxe4 22. Qxe4 h6 $1 23. g3 Ra6 24. Bd3 Qf6 25. O-O-O Kf7 26. Rf1 Rb6 27. f3 Re8 28. Re2 ({Better is} 28. Qe3 $14) 28... Re7 29. Rfe1 Bf8 30. Qg4 {[%mdl 1024] White has compensation.} Bg7 (30... e4 $11 {keeps the balance.} 31. fxe4 Qe5) 31. Re4 Bf8 $1 32. R1e2 $36 {[%mdl 2048] White has the initiative.} Rd6 33. Kd1 Kg7 $2 (33... c6 $11) 34. f4 $18 h5 (34... a4 $142 35. Rxe5 Kg8 36. fxg5 Qg7) 35. Qxh5 Qh6 $2 (35... Qf7 36. Qg4 Rh6 37. Rxe5 Rxe5) 36. Qg4 {White is clearly winning.} Rb6 37. Rxe5 Rxe5 38. fxe5 Kg8 39. Kc2 a4 40. Rf2 a3 41. b3 Qg7 {[#]} 42. Qc8 (42. d6 $142 $1 {[%mdl 512]} Qxe5 (42... cxd6 43. Qe6+) 43. dxc7 {[%mdl 64] Overworked Piece} Qxc7 44. Qxg5+ Qg7 {[#]} 45. Rxf8+ $1 {[%mdl 576] Decoy} Kxf8 46. Qxc5+ {[%mdl 64] Double Attack} Kg8 47. Qd5+ Kf8 48. Qd8+ Kf7 49. Qxb6 Qb2+ 50. Kd1 Qa1+ 51. Ke2 Qxa2+ 52. Ke3) 42... Rh6 43. Be4 {Accuracy: White = 56%, Black = 30%.} 1-0

[Event "Elitserien Allsvenskan 2018-19"]
[Site "Sweden"]
[Date "2019.03.30"]
[Round "8.1"]
[White "Tikkanen, Hans"]
[Black "Eriksson, Jorgen"]
[Result "1-0"]
[WhiteElo "2510"]
[BlackElo "2206"]
[Annotator "TA"]
[PlyCount "97"]
[EventDate "2018.11.09"]
[EventType "team-tourn"]
[EventCountry "SWE"]
[SourceTitle "playchess.com"]
[Source "ChessBase"]
[SourceQuality "1"]

{[%evp 20,97,0,-6,6,-15,-15,-14,-14,-12,-22,-16,0,0,27,33,41,27,24,-75,-48,-67,38,29,31,20,55,48,36,41,21,0,65,44,56,42,40,37,24,35,33,37,48,63,122,133,125,130,130,126,166,170,170,161,145,136,138,128,426,418,417,406,400,407,412,429,492,500,499,498,465,458,447,450,1022,994,843,781,719,652]} 1. d4 e6 2. Nf3 d5 3. e3 Nf6 4. Bd3 c5 5. b3 Nc6 6. Bb2 b6 7. O-O Be7 8. Ne5 Bb7 9. Nd2 O-O 10. f4 Nb4 11. Be2 Ne4 {D05: Colle System with ...e6} 12. Nxe4 dxe4 13. a3 (13. Bc4 Nd5 14. Qe2 f6 15. Ng4 Qc8 16. Rad1 Rd8 17. Kh1 a6 18. dxc5 Qxc5 19. Bd4 {½-½ (44) Bruzon Batista,L (2673)-Quesada Perez,Y (2635) Khanty-Mansiysk 2011}) 13... Nd5 {The position is equal.} 14. Qd2 f6 15. Ng4 cxd4 16. Bxd4 Qe8 $146 ({Predecessor:} 16... Bc5 17. Bxc5 bxc5 18. Rad1 Qe7 19. c4 {1-0 (48) Stefanova,A (2506)-Doluhanova,E (2328) Monaco 2017}) 17. c4 $36 {[%mdl 2048] White is pushing.} Nc7 18. b4 Qg6 19. b5 (19. Nf2 $11 {remains equal.}) 19... Rfd8 {Threatens to win with ...h5.} (19... e5 $5 20. fxe5 f5 $17) 20. Qb2 {[#]} h5 (20... e5 $1 $15 {[%mdl 512]} 21. fxe5 f5) 21. Nf2 $14 e5 22. fxe5 fxe5 23. Bxe5 Ne6 24. Kh1 Bc5 25. Qc3 Rd7 (25... Qh6 $11) 26. Bg3 Qg5 27. Nh3 Qxe3 28. Qxe3 Bxe3 29. Bxh5 Nc5 30. Nf4 Bd4 31. Rad1 Bf6 ({Black should play} 31... Rf8 $14) 32. Nd5 $16 Bxd5 33. cxd5 a6 34. Bg4 axb5 35. Bxd7 Nxd7 36. Rfe1 Nc5 37. Bc7 Nd3 38. Re2 ({Worse is} 38. Bxb6 Nxe1 39. Rxe1 Rxa3 $15) 38... Bd8 $2 {[%mdl 8192]} (38... Rxa3 $16 {keeps fighting.} 39. Bxb6 Ra4) 39. Bxd8 $18 Rxd8 {[%mdl 4096] Endgame KRR-KRN} 40. Kg1 Nc5 41. Rb2 Na4 42. Rb3 Rd6 {White is clearly winning.} 43. Rd4 Kf7 44. Kf2 Kf6 45. Rxe4 {[#] Hoping for Rf3+.} Rxd5 46. Rf3+ Rf5 (46... Kg5 $142 47. Re6 Nc5) 47. Rxf5+ Kxf5 48. Rb4 Nc3 49. Rb3 {Accuracy: White = 81%, Black = 40%.} 1-0

[Event "Elitserien Allsvenskan 2018-19"]
[Site "Sweden"]
[Date "2019.03.30"]
[Round "8.1"]
[White "Hansen, Mads"]
[Black "Sjodahl, Pontus"]
[Result "1-0"]
[WhiteElo "2413"]
[BlackElo "2422"]
[Annotator "TA"]
[PlyCount "67"]
[EventDate "2018.11.09"]
[EventType "team-tourn"]
[EventCountry "SWE"]
[SourceTitle "playchess.com"]
[Source "ChessBase"]
[SourceQuality "1"]

{[%evp 24,67,0,0,0,0,29,32,30,3,42,0,37,27,39,0,0,21,54,41,33,25,54,54,62,67,89,97,108,95,349,414,412,414,395,354,356,306,593,603,677,431,786,554,1035,1006]} 1. e4 e6 2. d4 d5 3. Nc3 Bb4 4. e5 c5 5. a3 Bxc3+ 6. bxc3 Qa5 7. Bd2 Qa4 8. Qg4 Kf8 9. Qd1 {C18: French: 3 Nc3 Bb4: Main line: 7 h4 and 7 Qg4} (9. h4 Nc6 10. h5 Qxc2 11. Rc1 Qe4+ 12. Qxe4 dxe4 13. Ne2 f5 14. g4 Nge7 15. gxf5 Nxf5 16. Bg2 h6 17. Bxe4 {1-0 (36) Grischuk,A (2771)-Tikkanen,H (2510) Astana 2019}) 9... b6 10. dxc5 bxc5 11. Nf3 Ne7 12. Rb1 Ba6 13. Bxa6 {LiveBook: 8 Games} Qxa6 14. Qe2 Qc6 (14... c4 {with more complications.} 15. Nd4 Nbc6 16. O-O h6 17. Nb5 Rb8) 15. O-O Nd7 16. Be3 Rc8 $146 ({Predecessor:} 16... a6) 17. Rb5 Rc7 18. Rfb1 h6 19. Nd2 {[%cal Bf3d2,Bd2b3,Bb3a5,Ba5b7,Bb7d6][%mdl 32]} Nf5 {White should prevent ...d4.} 20. Nb3 Nxe3 21. Na5 Qa8 {[#] Threatens to win with ...Nc4!} 22. Qxe3 g6 23. Nb7 Kg7 24. Nd6 $40 {[%mdl 128] White is up to no good.} Qc6 25. Qf4 {[%csl Gd6][%cal Rf4f7]} Rf8 26. h4 Qa8 $2 {[%mdl 8192]} (26... h5 $16) 27. Rb7 $18 Qd8 28. Rxc7 Qxc7 29. Rb7 Qd8 30. Rxa7 Qe7 $2 (30... g5 31. hxg5 hxg5) 31. Qa4 {White is clearly winning.} Rd8 32. g3 c4 (32... Nb6 $142 33. Rxe7 Nxa4 34. Rxf7+ Kg8) 33. Qb5 f6 {[#]} 34. Nc8 $1 {[%mdl 512] Precision: White = 72%, Black = 14%.} 1-0

[Event "Elitserien Allsvenskan 2018-19"]
[Site "Sweden"]
[Date "2019.03.30"]
[Round "8.1"]
[White "Laveryd, Peter"]
[Black "Westerberg, Jonathan"]
[Result "1/2-1/2"]
[WhiteElo "2375"]
[BlackElo "2542"]
[Annotator "TA"]
[PlyCount "72"]
[EventDate "2018.11.09"]
[EventType "team-tourn"]
[EventCountry "SWE"]
[SourceTitle "playchess.com"]
[Source "ChessBase"]
[SourceQuality "1"]

{[%evp 9,72,-20,-12,-6,-20,-32,-30,-34,-12,-30,-25,-33,-8,0,0,-27,-29,-17,0,-6,14,0,0,0,0,0,0,-20,-19,-27,-18,-24,-28,-21,-12,-25,-8,-18,-18,-18,-18,-18,-18,-18,-18,-18,-18,-18,-16,-16,-16,-16,-16,-16,-16,-16,-16,-16,-16,-16,-16,-16,0,-16,0]} 1. e4 c5 2. Nc3 e6 3. Nge2 Nf6 4. g3 b5 {[%cal Bb7b5,Bb5b4][%mdl 32]} 5. Bg2 Bb7 $1 6. d3 {B23: Closed Sicilian: Lines without g3} b4 7. Nb1 d5 8. Nd2 $146 {Black has an edge.} ({Predecessor:} 8. e5 Nfd7 9. f4 Be7 10. O-O O-O 11. Nd2 a5 {0-1 (35) Khalaji,H (2093)-Paravyan,D (2548) St Petersburg 2017}) 8... Nc6 9. O-O Be7 10. Nf4 O-O 11. exd5 exd5 12. Nf3 Re8 13. Re1 Qd6 14. a3 a5 15. b3 Bf8 16. axb4 axb4 17. Rxa8 Rxa8 18. Bb2 d4 19. Nd2 Qc7 20. Nh5 Nxh5 21. Qxh5 g6 22. Qh4 Qd8 23. Qxd8 {The position is equal.} Nxd8 24. Bxb7 Nxb7 25. Nc4 Nd6 26. Nxd6 Bxd6 27. Ra1 Rxa1+ 28. Bxa1 $11 {[%mdl 4096] Endgame KB-KB} Bf8 29. f4 f5 30. Bb2 Kf7 31. Kf2 Ke6 32. Kf3 h5 33. Bc1 Be7 34. Bd2 Bd8 35. Bc1 Be7 36. Bd2 Bd8 {Accuracy: White = 60%, Black = 59%.} 1/2-1/2

[Event "Elitserien Allsvenskan 2018-19"]
[Site "Sweden"]
[Date "2019.03.30"]
[Round "8.2"]
[White "Amin, Bassem"]
[Black "Blomqvist, Erik"]
[Result "1/2-1/2"]
[WhiteElo "2709"]
[BlackElo "2488"]
[Annotator "TA"]
[PlyCount "67"]
[EventDate "2018.11.09"]
[EventType "team-tourn"]
[EventCountry "SWE"]
[SourceTitle "playchess.com"]
[Source "ChessBase"]
[SourceQuality "1"]

{[%evp 19,67,-35,-34,-45,-40,-41,-38,-50,-48,-60,-51,-67,-64,-72,-52,-65,-52,-61,-31,-89,-31,-22,-22,-40,-39,-37,-46,-43,-43,-39,-38,-101,-58,-152,-168,-157,-170,-158,-157,-170,-165,-166,-171,-163,-165,-169,-85,-91,-96,-116]} 1. e4 c5 2. Nf3 e6 3. g3 Nf6 4. d3 d5 5. Nbd2 Nc6 6. Bg2 Be7 7. O-O O-O 8. Re1 b5 9. e5 Nd7 10. Nf1 Bb7 11. Bf4 {C00: French: Unusual White 2nd moves} (11. h4 Qc7 12. Bf4 Rfc8 13. Ne3 Qd8 14. Ng4 Bf8 15. Bg5 Qe8 16. c3 h6 17. Bf4 a5 18. Qd2 b4 19. c4 Ne7 20. h5 {1-0 (59) Kuzubov,Y (2699)-Grischuk,A (2772) Riadh 2017}) 11... Qb6 12. h4 Rfc8 13. h5 {Black is slightly better.} h6 14. Qd2 $146 ({Predecessor:} 14. N1h2 Qd8 15. Ng4 Bf8 16. c3 a5 17. Qd2 d4 18. c4 a4 {½-½ (98) Britton,R (2239)-Seymour,T (2072) London 2017}) 14... Qd8 15. g4 a5 16. c3 b4 17. Rad1 bxc3 18. bxc3 a4 19. N1h2 (19. g5 $15) 19... Ra6 (19... d4 $17 20. c4 Rab8) 20. c4 $1 $15 Nf8 21. g5 hxg5 22. Bxg5 dxc4 {White must now prevent ...c3!} 23. dxc4 Qxd2 24. Rxd2 Rb6 25. h6 (25. Bxe7 $15 Nxe7 26. Ng5) 25... Ng6 26. Ng4 {[#]} (26. Rd7 $1 $15) 26... Nd4 $1 $17 {[%cal Rd4f3][%mdl 512]} 27. Bxe7 (27. Nxd4 Bxg5) 27... Nxf3+ ({Not} 27... Nxe7 28. Nxd4 Bxg2 29. Kxg2 $11) 28. Bxf3 Bxf3 29. Nh2 Nxe7 30. Nxf3 gxh6 31. Rd7 Ng6 32. Ra7 Rb4 (32... Rb2 $19 33. Rxa4 Nf4) 33. Re4 Rd8 34. Kg2 {Accuracy: White = 34%, Black = 61%.} 1/2-1/2